Statistics for Best Player on Every Team: Serie A

Click here to take the quiz!

General Stats

  • This quiz has been taken 124 times
    (39 since last reset)
  • The average score is 15 of 20

Answer Stats

PlayerTeam% Correct
87Mike MaignanAC Milan
100%
87Lautaro MartínezInter Milan
100%
86Wojciech SzczęsnyJuventus
100%
88Victor OsimhenNapoli
100%
85Ciro ImmobileLazio
97%
86Paulo DybalaRoma
97%
85Domenico BerardiSassuolo
86%
81Ademola LookmanAtalanta
81%
81Nicolás GonzálezFiorentina
75%
80DeulofeuUdinese
72%
81Duván ZapataTorino
69%
78Remo Freuler | Jesper Karlsson | Riccardo Orsolini | Alexis SaelemaekersBologna
67%
82Boulaye DiaSalernitana
67%
79Patrick Ciurria | Michele Di GregorioMonza
64%
77Andrea PetagnaCagliari
58%
77Tommaso BaldanziEmpoli
58%
78Ruslan MalinovskyiGenoa
58%
77André Horta | Lorenzo MontipòHellas Verona
56%
73Luca MazzitelliFrosinone
53%
77Gabriel StrefezzaLecce
53%

Score Distribution

Percentile by Number Answered

Percent of People with Each Score

Your Score History

You have not taken this quiz since the last reset